000 00460nam a22001577a 4500
020 _a0-408-03020-8
082 _a624.1821
_bMAC
_cL-20 P-133
100 _aMacglinley
_936540
245 _aStructural steelwork design to limit state theory
_cMacginley, T. J.
250 _a1st ed.
260 _bButterworth & Co Ltd
_c1987
_aLondon
300 _a359 p.
_b ill.;
_c24 cm.
526 _a0
_b0
_c0
_d624_182100000000000_MAC
650 _aMCE
_9379
942 _2ddc
_cBK
999 _c541575
_d541575